LEADER 01162nam a2200277 i 4500 001 000000105480 003 CaOOAMICUS 005 20121204000000.0 008 121204s2001 it u000 u ita u 013 $a77674 020 $a88-10-40878-0 040 $aSeMil$bita 100 1 $aAzzimonti, Carlo.$0(OLS)http://semarc/name/44452 245 12$aI beni culturali ecclesiali nell'ordinamento canonico e in quello concordatario italiano /$cCarlo Azzimonti. 260 $aBologna :$bEDB,$ccopyr. 2001. 300 $a420 p. ;$c22 cm. 490 0 $aDiaconia del diritto 500 $aContiene : Bibliografia. 650 4$aBeni culturali ecclesiastici.$0(OLS)http://semarc/subject/11911 830 0$aDiaconia del diritto.$0(OLS)http://semarc/title/5930 850 $aSeMil 852 $aSeMil$W1$xVenegono$y1$m2J V 33$j61681$B61681$CSeMilBibl$Z2$F71180 $81 961 $aOmaggio: Autore 996 $6020$a88-10-40878-0$9(OLS)http://semarc/number/85546 996 $6245$aI beni culturali ecclesiali nell'ordinamento canonico e in quello concordatario italiano$9(OLS)http://semarc/title/152708 996 $6260$aBologna :$bEDB$9(OLS)http://semarc/publisher/29669 LEADER 01098nam a2200229 i 4500 001 000000009520 003 CaOOAMICUS 005 20180830125440.0 008 180830s1964 fr u000 u und u 040 $aSeMil$bita 100 1 $aQuodvultdeus .$0(OLS)http://semarc/name/4689 245 10$aLivre des promesses et des prédictions de Dieu /$cQuodvultdeus ; introduction, texte latin, traduction et notes par René Braun. 260 $aParis :$bLes Éditions du Cerf,$c1964. 300 $a2 v. (742 p. ) ;$c20 cm. 500 $aTesto latino a fronte. - Dalla biblioteca del card. Giovanni Colombo. 700 1 $aBraun, René <1920-2010>.$0(OLS)http://semarc/name/4690 773 0 $tSources chrétiennes.$dParis : Les Éditions du Cerf, 1941-$kSources chrétiennes$x0750-1978$w()41 774 0 $tTome 1.$kSources chrétiennes$w()84054 774 0 $tTome 2.$kSources chrétiennes$w()114902 941 1 $a3 996 $6245$aLivre des promesses et des prédictions de Dieu$9(OLS)http://semarc/title/12577 996 $6260$aParis :$bLes Éditions du Cerf$9(OLS)http://semarc/publisher/29611